000 00392cam a2200145ua 4500
041 _aeng
_h
082 _a828.09
_bVIV/LA
100 _aVivas , Elisio .
245 _aD H Lawrence the failure and the triumph of art /
_cEliseo Vivas.
_hTextual Documents
260 _aLondon :
_bGeorge Allen & Unwin Ltd ,
_c1961.
300 _a302 ; .
504 _a
942 _cBK
999 _c11572
_d11572